000 01257nam a2200289 a 4500
001 000021653
003 DO-SdBNP
005 20220223102615.0
007 ta
008 100909s1990 cu gr 001 ebspa d
040 _aDO-SdBNP
_bspa
_cBNPHU
082 4 _222
_a928.83
_bN454T
100 1 _aTeitelboim, Volodia,
_d1916- 2008
_93850
245 1 0 _aNeruda /
_cVolodia Teitelboim ; edición de Aitana Alberti.
260 _aLa Habana, Cuba :
_bArte y Literatura,
_c1990
300 _a468, [6] p. ;
_c23 cm.
500 _aIncluye índice de nombres e ilustraciones.
504 _aBibliografía: (p. 451-153).
505 _aPrimera parte: De las lluvia ala guerra.--
_tI. Niño de frontera.--
_tII. Joven de crepúsculo.--
_tIII. Agonía y creación en Oriente.--
_tLa letra con sangre entra.--
505 _aSegunda parte: Pasión y Muerte.
_tV. Su descubrimiento de América.--
_tVI. El viaje del mundo.--
_tVII. Narrador de sí mismo.--
_tVIII. La balada del viejo marinero.--
_tNotas bibliográficas.--
_tÍndice de nombres.
590 _aInventariado 2022 / MF
600 0 4 _aNeruda, Pablo,
_d1904-1973
_99164
650 4 _aPoetas chilenos
_ySiglo XX
_vBiografías
_911296
700 1 _aAlberti, Aitana,
_eed.
_945052
910 _aMFéliz
942 _2ddc
_cLBS1
999 _c21152
_d21152